1883 1212 1440 1574 1763 1986 1749 1398 1175 1451 1817 1213 1734 1873 1594 1445 1176 1838 1908 1532 1990 1966 1532 1005 1659 1383 1274 1716 1007 1647 1997 1078 1749 1789 1327 1326 1839 1055 1655 1077 1518 1789 1056 1801 1093 1665 1540 1262 1659 1946 1372 1303 1563 1581 1420 1532 1118 1731 1826 1238 1980 1008 1647 1809 1323 1292 1025 1907 1956 1807 1146 1313 1661 1439 1575 1406 1582 1073 1686 1535 1636 1705 1424 1249 1098 1754 1395 1509 1110 1543 1626 1239 1363 1436 1194 1059 1799 1490 1374 BCNSPRNW ULIB Ver.6.0+V

เปลี่ยนเป็นภาษาไทย

Change to English
 แสดงรายละเอียดบรรณานุกรม
  กลับหน้าหลัก

Brief Record : Get Marc (ISO 2709) : E-mail record : QR code < ปิดหน้าต่าง
LEADER : 00000nam 2200000uu 4500
001    13399108814
003     ULIB
008    110315s2552||||th 000 0 tha d
024    9789740323938
060 04 WY105^bว712ก 2552
100 0  วิโรจน์ ไววานิชกิจ
245 10 การจัดการด้านการพยาบาล :^bเพื่อเพิ่มคุณภาพในหน่วยงานด้านการวินิจฉัย /^cวิโรจน์ ไววานิชกิจ
250    พิมพ์ครั้งที่ 1
260    กรุงเทพฯ :^bสำนักพิมพ์แห่งจุฬาลงกรณ์มหาวิทยาลัย,^c2552
300    87 หน้า :^bภาพประกอบ ;^c21 ซม.
650  7 การพยาบาล^xการจัดการ
650  7 การพยาบาล^xการบริหาร
650  7 ความพอใจของผู้ป่วย
650  7 ผู้ป่วย^xข้อร้องเรียน^xการบริหาร
945    ^p70^l0^i029171
945    ^p70^l0^i026319
945    ^p70^l0^i026318
945    ^p70^l0^i026048
945    ^p70^l0^i026320
945    ^p70^l0^i026317
995    เกษร
999 ^a ใช้งานได้ทุกระบบ
รายการนี้ยังไม่มีแท็ก
คุณยังไม่ได้ล็อกอิน คุณสามารถมีกิจกรรมร่วมกับเว็บไซต์ได้ แต่ต้องล็อกอินก่อน ::
  ล็อกอิน

รายการสื่อสารสนเทศ

ลำดับที่ ประเภท เลขเรียก/บาร์โค้ด สถานที่ สถานะ
- ไม่พบข้อมูล -

รายการใกล้เคียง
    ผู้แต่ง [วิโรจน์ ไววานิชกิจ]

    หัวเรื่อง [ความพอใจของผู้ป่วย]

BibComment


ยังไม่เคยถูกคอมเมนท์

คอมเมนท์ทรัพยากรรายการนี้
  คอมเมนท์: การจัดการด้านการพ..


 Copyright 2026. Bcnsprnw @Library